00677nam a2200181 a 450000100100000000500170001000800410002702000150006804000250008310000300010824500680013826000400020630000290024650000630027550000340033895201060037299900170047800003900620201002031445.0130513s2003 dr a 000 0 spa d a0967400619 aDO-SdBNPbspacBNPHU1 aMcMurtry, Grady S.96525613aLa creación :bnuestra visión global /cGladys S. Mcmurtry. aSanto Domingo :bLa Unión,c2003. a131 p. :bils. ;c23 cm. aIncluye datos biográficos del autor en la contracubierta aTraducida del idioma inglés 00107-18PDaPDbPDcOId2013-05-13iLF1l0o p39006-10r2020-06-25w2020-06-25yLFPDZNo se presta c38496d38496